000 00607nam a2200205Ia 4500
001 15188
003 GE_BSU
008 181216s||||||||xx |||||||||||||| ||und||
040 _cGE_BSU
080 _a821.353.1
100 _aშუბლაძე,შალვა
245 _aლექსები
245 _cრედ:შოთა როყვა;მხატვ:ვ.ხიდეშელი
260 _aთბილისი.
260 _bსაბჭოთა საქართველო
260 _c1968
300 _a56გვ;17სმ.
653 _aლექსები
942 _cBK
999 _c48301
_d48301